[Event "Andalucia-ch U12 1011"]
[Site "Almeria"]
[Date "2011.03.25"]
[Round "1.7"]
[White "Aguilar Manso, Julia"]
[Black "Perez Garcia, Alejandro"]
[Result "0-1"]
[WhiteElo "1258"]
[BlackElo "1786"]
[PlyCount "52"]
[EventDate "2011.03.25"]
[EventType "swiss"]
[EventRounds "9"]
[EventCountry "ESP"]
[SourceTitle "EXT 2024"]
[Source "ChessBase"]
[SourceDate "2023.10.10"]
[SourceVersion "1"]
[SourceVersionDate "2023.10.10"]
[SourceQuality "1"]

1. d4 Nf6 2. Nf3 g6 3. Bg5 Bg7 4. e3 0-0 5. Bd3 d6 6. Nbd2 c5 7. c3 Bg4 8. 0-0 Nbd7 9. Qb3 Rb8 10. h3 Bxf3 11. Nxf3 b5 12. Qc2 d5 13. b3 c4 14. bxc4 bxc4 15. Be2 Ne4 16. Bf4 Rc8 17. Rab1 Qa5 18. Rfc1 Rfe8 19. Ng5 e5 20. Bh2 Nxg5 21. f4 exf4 22. exf4 Ne4 23. Bg4 f5 24. Bf3 Nb6 25. Bxe4 Rxe4 26. Re1 Na4 0-1